<?xml version="1.0" encoding="UTF-8"?><?xml-stylesheet type="text/xsl" href="static/style.xsl"?><OAI-PMH xmlns="http://www.openarchives.org/OAI/2.0/" xmlns:xsi="http://www.w3.org/2001/XMLSchema-instance" xsi:schemaLocation="http://www.openarchives.org/OAI/2.0/ http://www.openarchives.org/OAI/2.0/OAI-PMH.xsd"><responseDate>2026-04-18T01:22:02Z</responseDate><request verb="GetRecord" identifier="oai:www.recercat.cat:20.500.12327/4851" metadataPrefix="marc">https://recercat.cat/oai/request</request><GetRecord><record><header><identifier>oai:recercat.cat:20.500.12327/4851</identifier><datestamp>2026-02-24T00:36:28Z</datestamp><setSpec>com_2072_4428</setSpec><setSpec>com_2072_4427</setSpec><setSpec>col_2072_487898</setSpec></header><metadata><record xmlns="http://www.loc.gov/MARC21/slim" xmlns:dcterms="http://purl.org/dc/terms/" xmlns:xsi="http://www.w3.org/2001/XMLSchema-instance" xmlns:doc="http://www.lyncode.com/xoai" xsi:schemaLocation="http://www.loc.gov/MARC21/slim http://www.loc.gov/standards/marcxml/schema/MARC21slim.xsd">
   <leader>00925njm 22002777a 4500</leader>
   <datafield ind2=" " ind1=" " tag="042">
      <subfield code="a">dc</subfield>
   </datafield>
   <datafield ind2=" " ind1=" " tag="720">
      <subfield code="a">Quadrel, Amanda</subfield>
      <subfield code="e">author</subfield>
   </datafield>
   <datafield ind2=" " ind1=" " tag="720">
      <subfield code="a">Ferguson, Beth</subfield>
      <subfield code="e">author</subfield>
   </datafield>
   <datafield ind2=" " ind1=" " tag="720">
      <subfield code="a">Rering, Caitlin C.</subfield>
      <subfield code="e">author</subfield>
   </datafield>
   <datafield ind2=" " ind1=" " tag="720">
      <subfield code="a">Urbaneja Bernat, Pablo</subfield>
      <subfield code="e">author</subfield>
   </datafield>
   <datafield ind2=" " ind1=" " tag="720">
      <subfield code="a">Rodriguez-Saona, Cesar</subfield>
      <subfield code="e">author</subfield>
   </datafield>
   <datafield ind2=" " ind1=" " tag="260">
      <subfield code="c">2025-02-19</subfield>
   </datafield>
   <datafield ind2=" " ind1=" " tag="520">
      <subfield code="a">Native to Southeast Asia, the spotted-wing drosophila (Drosophila suzukii Matsumura) is an economically important invasive pest of thin-skinned fruits such as raspberries, blueberries, and strawberries worldwide. To reduce the reliance on insecticides for managing this pest, alternative strategies like behavioral manipulation are needed. Previous studies have shown that D. suzukii adults avoid blueberry fruits infected with the fungal pathogen Colletotrichum fioriniae Marcelino &amp; Gouli, which causes anthracnose fruit rot, leading to the identification of 9 potential repellent compounds. In this study, we further investigated the two most potent of these compounds—ethyl butanoate and ethyl (E)-but-2-enoate—to assess their repellent properties on the antennal and behavioral responses of D. suzukii. Electroantennogram (EAG) assays revealed that both esters elicited similar dose-dependent responses in male and female D. suzukii, which were often stronger than those triggered by 2-pentylfuran, a known repellent of this species. Additionally, we examined the behavioral responses of adult D. suzukii to these 3 repellent compounds under semi-field and field conditions using outdoor cages containing potted and planted blueberry bushes, respectively. Results from the cage studies showed that all 3 tested compounds can significantly reduce D. suzukii oviposition and adult emergence from blueberry fruits, with ethyl (E)-but-2-enoate sometimes outperforming the other compounds. Our findings indicate that the esters ethyl butanoate and ethyl (E)-but-2-enoate, which are induced from C. fioriniae-infected blueberries, elicit dose-dependent effects on D. suzukii antennae and act as effective oviposition deterrents. This supports their potential as promising tools for managing this pest through behavioral strategies.</subfield>
   </datafield>
   <datafield ind1="8" ind2=" " tag="024">
      <subfield code="a">Quadrel, Amanda, Beth Ferguson, Caitlin C Rering, Pablo Urbaneja-Bernat, and Cesar Rodriguez-Saona. 2025. “Two Volatiles From Anthracnose-infected Blueberries Trigger Electrophysiological and Aversive Behavioral Responses in Drosophila Suzukii (Diptera: Drosophilidae).” Journal of Economic Entomology 118 (5): 2432–42. https://doi.org/10.1093/jee/toaf032.</subfield>
   </datafield>
   <datafield ind1="8" ind2=" " tag="024">
      <subfield code="a">1938-291X</subfield>
   </datafield>
   <datafield ind1="8" ind2=" " tag="024">
      <subfield code="a">http://hdl.handle.net/20.500.12327/4851</subfield>
   </datafield>
   <datafield ind1="8" ind2=" " tag="024">
      <subfield code="a">https://doi.org/10.1093/jee/toaf032</subfield>
   </datafield>
   <datafield ind2="0" ind1="0" tag="245">
      <subfield code="a">Two volatiles from anthracnose-infected blueberries trigger electrophysiological and aversive behavioral responses in Drosophila suzukii (Diptera: Drosophilidae)</subfield>
   </datafield>
</record></metadata></record></GetRecord></OAI-PMH>